[Event "Bhopal GM Open 2018"]
[Site "Bhopal"]
[Date "2018.12.24"]
[Round "5"]
[White "Raahul V S"]
[Black "Pandey Srishti"]
[Result "1-0"]
[WhiteElo "2381"]
[BlackElo "1825"]
[Annotator "TA"]
[PlyCount "103"]
[EventDate "2018.12.21"]
[EventType "swiss"]
[EventCountry "IND"]
[SourceTitle "playchess.com"]
[Source "ChessBase"]
[SourceQuality "1"]

{[%evp 18,103,34,34,35,51,39,23,41,14,37,16,27,10,26,-4,-13,-6,0,-45,-37,-26,-30,-63,-12,-8,-11,-8,-9,-105,-93,-124,-47,-45,-48,-52,-35,-40,-38,-98,0,0,0,0,10,6,25,26,75,74,73,55,156,64,144,111,108,54,393,385,360,358,1135,1110,29960,11818,29962,29959,29974,29971,29971,29972,29972,29973,29972,29970,29970,29971,29970,29971,29972,29971,29972,5106,29980,29981,29981,29982]} 1. c4 e5 2. Nc3 Nf6 3. g3 d5 4. cxd5 Nxd5 5. Bg2 Nb6 6. e3 Be7 {A22: English Opening: 1...e5 2 Nc3 Nf6} (6... Nc6 7. Nge2 h5 8. d4 h4 9. d5 Ne7 10. e4 hxg3 11. hxg3 Rxh1+ 12. Bxh1 Ng8 13. Be3 Nf6 14. Qc2 {0-1 (57) Ponkratov,P (2613)-Karjakin,S (2760) Riadh 2017}) 7. Nge2 {[%cal Bg1e2,Be2f4,Bf4d3,Bd3c5][%mdl 32]} O-O 8. O-O c6 9. f4 exf4 10. Nxf4 {LiveBook: 3 Games} N8d7 {[%cal Bb8d7,Bd7f6,Bf6g4][%mdl 32]} 11. d4 Nf6 12. e4 c5 $146 ({Predecessor:} 12... Bg4 13. Qd3 Nh5 14. h3 Nxf4 15. gxf4 {½-½ (42) Galliamova,A (2465)-Kosintseva,T (2530) Moscow 2012}) 13. d5 (13. e5 $5 {[%cal Re5f6]} Bg4 14. Qd3 $14) 13... Ng4 14. h3 Ne5 15. Nd3 Ng6 16. Be3 Nc4 17. Bf2 Nge5 18. Nxc5 Nxb2 19. Qb3 Nbc4 20. Nxb7 Qc7 (20... Qd7 $1 $15 21. Nc5 Qd8) 21. d6 $1 $11 {[%cal Rd6c7]} Bxd6 22. Nxd6 Qxd6 23. Rfd1 (23. Qd1 $11) 23... Qh6 $17 24. g4 Nd2 (24... Ne3 $17 25. Nd5 Nxd1 26. Rxd1 Be6) 25. Qd5 $15 {[%mdl 64] [#] Double Attack} Ndf3+ 26. Bxf3 $1 Nxf3+ 27. Kg2 Be6 28. Qh5 (28. Qd3 $15 Nh4+ 29. Kh2) 28... Qxh5 (28... Qf4 $17 {And now ...Rab8 would win.} 29. Rd3 Ne5) 29. gxh5 $11 Ne5 30. Nd5 Bxd5 31. exd5 Rfd8 32. Rac1 Nd7 33. Rc7 Nf6 34. d6 {Hoping for Bh4.} Nxh5 (34... Ne4 $1 $14) 35. Rxa7 ({White should play} 35. Kf3 $16) 35... Nf4+ (35... Nf6 $14) 36. Kf3 {Threatens to win with Rxa8.} Ne6 37. d7 (37. a4 $16) 37... Kf8 $2 {[%mdl 8192]} ({Better is} 37... Rxa7 $14 38. Bxa7 Nf8) 38. Rxa8 Rxa8 $18 {[%mdl 4096] Endgame [#] KRB-KRN} 39. Bc5+ $1 {[%mdl 512]} Kg8 $2 (39... Nxc5 40. d8=Q+ Rxd8 41. Rxd8+ Ke7) 40. Be7 Nd8 41. Rc1 {Threatening mate with Rc8.} Ra7 42. Rc8 {[%cal Rc8d8]} Rxd7 43. Rxd8+ Rxd8 44. Bxd8 {KB-K3P} Kf8 45. a4 {[%cal Ba2a4,Ba4a5][%mdl 32]} Ke8 46. Bg5 Kd7 47. a5 Kc6 48. Bd2 Kb5 49. Kg4 Ka6 50. Bc3 (50. Kf5 $142 Ka7 51. Bc3 Kb8 52. Bxg7 Kc7 53. h4 f6 54. Bxf6 Kb8 55. Kg5) 50... Kb5 51. Bxg7 Kxa5 52. Kg5 {Accuracy: White = 46%, Black = 33%.} 1-0

[Event "Bhopal GM Open 2018"]
[Site "Bhopal"]
[Date "2018.12.24"]
[Round "5"]
[White "Anuj Shrivatri"]
[Black "Dinesh Kumar Jaganathan"]
[Result "1-0"]
[WhiteElo "2357"]
[BlackElo "1969"]
[Annotator "TA"]
[PlyCount "75"]
[EventDate "2018.12.21"]
[EventType "swiss"]
[EventCountry "IND"]
[SourceTitle "playchess.com"]
[Source "ChessBase"]
[SourceQuality "1"]

{[%evp 13,75,-14,4,-9,8,6,4,1,1,-15,-6,-31,-35,-92,-94,-186,-205,-244,-222,-239,-103,-116,-94,-114,-118,-121,-119,-126,-70,-91,-70,-106,-93,-99,0,-58,-69,-69,-69,-68,-72,-107,-99,-148,-93,-150,-74,-200,-60,-43,19,-14,17,22,164,203,386,372,326,341,621,605,868,871]} 1. Nf3 Nf6 2. d4 g6 3. Nc3 d5 4. Bf4 Bg7 5. Nb5 Na6 6. e3 {D00: 1 d4 d5: Unusual lines} O-O (6... c6 7. Nc3 O-O 8. h3 Qa5 9. Nd2 Nd7 10. Nb3 Qb6 11. Be2 e5 12. Bg3 Re8 13. O-O {1-0 (58) Melkumyan,H (2660)-Jones,G (2677) chess.com INT 2018}) 7. h3 Bf5 {LiveBook: 7 Games} 8. Bd3 {The position is equal.} Bxd3 9. cxd3 c5 10. O-O $146 ({Predecessor:} 10. Qa4 Nb4 11. Ke2 a6 12. Na3 Nd7 13. Qb3 Qb6 14. Ne5 Bxe5 15. Bxe5 f6 {0-1 (15) Thesing,M (2440)-Stohl,I (2560) Pardubice 1996}) 10... cxd4 11. exd4 Nb4 12. Nc7 Rc8 13. Qb3 ({White should play} 13. Nb5 $15) 13... Nc6 $1 $36 {[%mdl 2048] Threatens to win with ...Nh5. Keeping White busy.} 14. Qxb7 {[#]} (14. Nb5 $17 {was the only defense.}) 14... e5 $1 $19 {[%mdl 512]} 15. dxe5 Rxc7 16. Qb5 Ne8 (16... Nh5 $19 {is more deadly.} 17. Bh2 Bh6) 17. Rac1 $17 Ne7 $1 18. Qa5 Rd7 19. Qxd8 Rxd8 20. Nd4 Nf5 (20... Rb8 $17 21. Bg5 f6 22. exf6 Bxf6 23. Bxf6 Rxf6) 21. Nxf5 gxf5 22. Rc5 Bh8 23. Bh6 Bg7 24. Bf4 Rd7 25. Rfc1 Bh8 26. Bh6 Ng7 27. Rc8 {aiming for Rxf8+.} Rdd8 $1 {[%cal Rd8c8]} 28. R8c7 Rfe8 (28... Ne6 $142 29. Bxf8 Nxc7) 29. Rxa7 (29. Bxg7 $142 Bxg7 30. f4) 29... Rxe5 (29... Ne6 $142 $1 30. Re1 Rb8) 30. Rcc7 (30. Bg5 $17 Rde8 31. Bf6) 30... Rde8 (30... Ne6 $19 31. Rxf7 Re1+ {[%mdl 64] Discovered Attack} 32. Kh2 Be5+ 33. f4 Nxf4) 31. Rxf7 $15 {[%cal Rh6g7]} Re1+ 32. Kh2 {[%cal Rh6g7]} Nh5 {And now ...Bd4 would win.} 33. Rxf5 Be5+ (33... R1e5 $1 $11 34. Raf7 Rxf5 35. Rxf5 Nf6) 34. g3 $18 Nxg3 $2 {[#]} (34... Bd4) 35. Rg5+ $1 (35. fxg3 Bd4 $11) 35... Kh8 {[#] ...Nf5+ is the strong threat.} 36. Rxe5 $1 ({Inferior is} 36. fxg3 Bd4 $11) ({Not} 36. Rxg3 Bxg3+ 37. Kxg3 Rd1 $14) 36... Nf1+ $2 (36... R8xe5 37. Bg7+ {[%mdl 64] Double Attack} (37. Kxg3 Re6 $16) 37... Kg8 38. Bxe5 Nf5) 37. Kg2 {White wants to mate with Rxe1.} Rg8+ 38. Rg5 {Accuracy: White = 43%, Black = 40%.} 1-0

[Event "Bhopal GM Open 2018"]
[Site "Bhopal"]
[Date "2018.12.24"]
[Round "5"]
[White "Sahoo, Utkal Ranjan"]
[Black "Elgabry, Mohsen"]
[Result "1-0"]
[WhiteElo "2286"]
[BlackElo "2305"]
[Annotator "TA"]
[PlyCount "111"]
[EventDate "2018.12.21"]
[EventType "swiss"]
[EventCountry "IND"]
[SourceTitle "playchess.com"]
[Source "ChessBase"]
[SourceQuality "1"]

{[%evp 17,111,42,49,36,37,0,14,7,22,-1,59,37,33,33,37,28,56,30,42,12,47,44,61,57,87,70,107,79,254,203,217,78,103,114,311,235,228,166,175,162,278,299,347,348,280,75,77,72,86,52,73,0,90,61,89,89,75,88,58,68,65,75,75,68,70,0,0,0,0,0,0,0,235,184,164,177,161,93,101,175,153,176,144,122,187,169,231,231,225,219,264,256,29982,29983,29994,29995]} 1. d4 g6 2. c4 Bg7 3. Nf3 Nf6 4. Nc3 O-O 5. e4 c5 6. d5 d6 7. Be2 e6 8. O-O exd5 9. exd5 Bg4 {LiveBook: 59 Games} 10. Re1 {E91: King's Indian: Classical: 6 Be2, unusual replies including 6...c5 and 6...Bg4} (10. h3 Bxf3 11. Bxf3 a6 12. Bf4 Qb6 13. Qc2 Nbd7 14. Rae1 Rfe8 15. Bd2 Rxe1 16. Rxe1 Re8 17. b3 Rxe1+ 18. Bxe1 Qd8 19. Bd2 {½-½ (58) Gelfand,B (2741)-Ponkratov,P (2604) Berlin 2015}) 10... Re8 11. Ng5 $146 ({Predecessor:} 11. h3 Bxf3 12. Bxf3 Rxe1+ 13. Qxe1 Nbd7 14. Bf4 Ne8 15. Qd2 Be5 16. Be3 Ng7 17. Be4 f5 18. Bd3 {0-1 (36) Neubauer,M (2433)-Pilaj,H (2338) Zwettl 2012}) 11... Bf5 12. Bf4 {The position is equal.} h6 13. Nf3 Nh5 (13... g5 $11 14. Bg3 Nh5) 14. Bd2 Na6 15. a3 {[%cal Ba2a3,Ba3a4][%mdl 32]} Nc7 16. Qc1 Kh7 17. h3 Nf6 18. a4 a5 19. Ra3 Na6 20. g4 Bc8 21. Bd3 Nb4 22. Bb1 h5 $2 (22... Rxe1+ $16 23. Bxe1 (23. Qxe1 h5 $14) 23... Bd7) 23. Ng5+ Kg8 24. f3 (24. Rxe8+ $18 Qxe8 25. Nb5) 24... Rxe1+ 25. Qxe1 hxg4 $2 (25... Qf8 $16) 26. hxg4 Nh7 27. Qh4 Nf8 28. Nce4 $1 f5 (28... Bxb2 $142 29. Bc3 Bxc3 30. Rxc3 Qe7) 29. Ng3 $1 $18 Bxb2 30. gxf5 Qf6 {[#]} 31. N3e4 $2 (31. fxg6 $1 $18 {[%mdl 512] and the rest is easy. Threatens to win with Re3.} Bxa3 (31... Nxg6 32. Qh7+) 32. N3e4) 31... Qd4+ $16 32. Kg2 Bxf5 (32... Bxa3 $2 {loses.} 33. Bc3 $18) 33. Rb3 Ba1 34. Ra3 ({White should play} 34. Re3 $16) 34... Re8 (34... Bb2 $1 $11) 35. Rxa1 $1 {Strongly threatening Bc3.} Bxe4 $1 36. Nxe4 Rxe4 37. Bxe4 Qxa1 38. Bf4 Qa2+ 39. Kg3 Qxc4 40. Bxd6 {White threatens Qf6 and mate.} Qd4 41. Qd8 (41. Qe7 $14 Qg1+ 42. Kh4 Qh1+ 43. Kg4 Qg2+ 44. Bg3) 41... Qg1+ $11 42. Kh3 Qf1+ 43. Kg4 Qg1+ 44. Bg3 Kg7 $2 (44... Qd1 $11 {and Black has nothing to worry.}) 45. Qe7+ {[%mdl 1024] White has strong compensation.} Kg8 46. d6 $1 $36 {[%cal Rd6d7][%mdl 2048] Black must now prevent d7. White has strong initiative.} ({And not} 46. Qxb7 Qh1 $11) 46... Qd4 47. Be5 (47. Kh3 $18 {And now Be5 would win.} Nd5 48. Qg5 (48. Qxb7 Nf6 $14)) 47... Qg1+ $16 48. Kh3 {[%csl Ge5][%cal Re7g7]} Qh1+ {[#]} 49. Bh2 $1 {d7 is the strong threat.} Qf1+ {[#]} 50. Kg4 $1 {Intending d7 and mate.} Qg2+ (50... Qd1 $16 {was called for.}) 51. Bg3 $18 {Threatening mate with d7.} Qd2 (51... Qh1 {was necessary.}) 52. Qxb7 Qd4 53. Kh3 c4 54. Qb5 c3 $2 (54... Qh8+ $18 55. Kg2 Qd4 56. Qxa5 c3) 55. Be5 Qd1 56. Qc4+ {[%mdl 64] Double Attack. Accuracy: White = 52%, Black = 35%.} 1-0

[Event "Bhopal GM Open 2018"]
[Site "Bhopal"]
[Date "2018.12.24"]
[Round "5"]
[White "Saranya, J."]
[Black "Sarwat, Walaa"]
[Result "1/2-1/2"]
[WhiteElo "2094"]
[BlackElo "2276"]
[Annotator "TA"]
[PlyCount "76"]
[EventDate "2018.12.21"]
[EventType "swiss"]
[EventCountry "IND"]
[SourceTitle "playchess.com"]
[Source "ChessBase"]
[SourceQuality "1"]

{[%evp 19,76,18,62,-8,0,0,0,-54,-62,-62,-29,-29,-25,-22,4,0,10,2,25,0,5,0,17,0,0,0,10,9,19,19,28,28,73,73,75,55,45,6,42,38,154,35,43,41,41,35,34,35,41,52,9,8,8,8,8,0,0,-29978,0]} 1. e4 e5 2. Nf3 Nc6 3. d4 exd4 4. Nxd4 Nf6 5. Nxc6 bxc6 6. Nc3 Bb4 7. Bd3 d5 8. exd5 Qe7+ 9. Qe2 Qxe2+ 10. Kxe2 cxd5 {LiveBook: 60 Games} 11. Bd2 {C47: Scotch Four Knights and Four Knights with 4 g3} ({White should try} 11. Nb5 $14 O-O 12. Nxc7) 11... c5 $146 {...c4 is the strong threat.} ({Predecessor:} 11... c6 12. Na4 Bd6 13. Be3 O-O 14. f3 Nd7 15. Kf2 Re8 16. Rhe1 g6 17. Rad1 Ne5 18. Bf1 {½-½ (54) Shirov,A (2710)-Karpov,A (2715) Moscow 1992}) 12. b3 O-O 13. Nb1 (13. Rhd1 $11) 13... Re8+ $15 14. Kf1 Ne4 (14... c4 {feels hotter.} 15. bxc4 Bc5 16. cxd5 Nxd5 17. Nc3 Nb4) 15. Bxb4 cxb4 16. a3 bxa3 17. Nxa3 a6 18. f3 Nc5 $1 {[%cal Rc5d3]} 19. Rd1 Rd8 20. Kf2 Rb8 21. Rhe1 Kf8 22. Bf1 ({Reject} 22. Bxh7 g6 $17) 22... Be6 23. Rd4 a5 24. Nb5 Bf5 25. Rd2 Ne6 26. Ra1 Ra8 27. g3 Rdc8 28. c4 {And now Nd6 would win.} dxc4 (28... Nc5 $5 {[%cal Rc5b3]} 29. Nd4 (29. Rxd5 Be6 $11) 29... dxc4 30. Bxc4 Bd7 $11) 29. Bxc4 Nc5 {[#]} (29... Nc7 $14) 30. Nd6 (30. b4 $1 $16 {[%mdl 512]}) 30... Rd8 $14 31. Rd5 Be6 32. Rxc5 {Strongly threatening Bxe6.} Rxd6 33. Bxe6 fxe6 34. Rcxa5 {KRR-KRR} Rd2+ 35. Kg1 Rxa5 $1 36. Rxa5 Rd3 37. f4 Rxb3 38. Rb5 $2 {[%mdl 8192]} (38. Re5 $11) 38... Rc3 $2 {Accuracy: White = 41%, Black = 24%.} (38... Rxb5 {mates} 39. Kh1 Ke7 40. Kg2 Rb2+ 41. Kf3 Rxh2 42. Ke4 Kf6 43. g4 g5 44. Kf3 Rb2 45. Ke4 Rb4+ 46. Ke3 gxf4+ 47. Ke2 Rb2+ 48. Kd3 f3 49. g5+ Kxg5 50. Kc3 Ra2 51. Kc4 f2 52. Kb3 Ra8 53. Kc4 f1=Q+ 54. Kc3 Qc1+ 55. Kd3 Ra3+ 56. Ke2 Qc2+ 57. Kf1 Ra1#) 1/2-1/2

[Event "Bhopal GM Open 2018"]
[Site "Bhopal"]
[Date "2018.12.24"]
[Round "5"]
[White "Amal, Roozi"]
[Black "Ziatdinov, Raset"]
[Result "1-0"]
[WhiteElo "1804"]
[BlackElo "2252"]
[Annotator "TA"]
[PlyCount "88"]
[EventDate "2018.12.21"]
[EventType "swiss"]
[EventCountry "IND"]
[SourceTitle "playchess.com"]
[Source "ChessBase"]
[SourceQuality "1"]

{[%evp 11,88,-9,-2,-13,-10,-21,-21,-44,-45,-91,-49,-93,-26,-103,-101,-218,-219,-213,-217,-213,-199,-266,-288,-269,-277,-373,-370,-365,-381,-362,-277,-346,-293,-530,-539,-493,-244,-314,-309,-576,-276,-272,-260,-255,-260,-252,-256,-285,-281,-360,-353,-477,-466,-504,-521,-531,-484,-545,-545,-535,-521,-468,-455,-735,-718,-687,-669,-774,-746,-2674,-2664,-2529,-2284,-1588,-1483,-29967,-29969,-29967,-29970]} 1. e4 e5 2. Nf3 Nc6 3. Bb5 Nf6 4. O-O d6 5. Bxc6+ bxc6 6. d3 Be7 7. h3 {C66: Ruy Lopez: Steinitz Defence} O-O 8. b3 Nd7 $146 ({Predecessor:} 8... c5 9. c4 c6 10. Nc3 Be6 11. Bg5 h6 12. Bh4 Qc7 13. Bxf6 Bxf6 14. Nh2 Rad8 {½-½ (24) Sipkovsky,L (1819)-Kahanec,J (1693) Slovakia 2014}) 9. Bb2 {The position is equal.} f5 10. Qe2 Nf6 {[%cal Bd7f6,Bf6h5,Bh5f4][%mdl 32]} 11. Nbd2 c5 (11... Nh5 $17) 12. Rfd1 (12. Nh4 $1 $11 {remains equal.}) 12... Nh5 $17 13. d4 (13. Qe3 $17) 13... Nf4 $19 14. Qc4+ Be6 {[%cal Bc8e6,Be6f7,Bf7g6][%mdl 32]} 15. d5 {[#]} Bf7 $1 16. Nf1 (16. Rab1 $142) 16... fxe4 17. Qxe4 Bg6 18. Qc4 {[#] intending Nxe5!} Nxh3+ $1 {[%mdl 576] Deflection} 19. gxh3 {And now Nxe5! would win.} Rxf3 20. Bxe5 Bf6 ({Much less strong is} 20... Rxh3 21. Bg3 $19) 21. Qg4 Rf5 (21... Bxe5 $2 22. Qxf3 Bxc2 23. Ne3 $19) 22. Bxf6 $2 (22. Bg3 {is the only way for White.}) 22... Qxf6 23. Ng3 Rxf2 (23... h5 $142 24. Qe2 Re8) 24. Rf1 Rf8 ({Don't do} 24... Bxc2 25. Rxf2 Qxa1+ 26. Kg2 $19) 25. c4 $2 (25. Rac1) 25... h5 (25... Bd3 $142 26. Rfe1 Qb2) 26. Qe6+ Qxe6 27. dxe6 Rxf1+ 28. Nxf1 {[%mdl 4096] Endgame KRB-KRN} Re8 29. Re1 Bf5 30. h4 Rxe6 31. Rxe6 Bxe6 {KB-KN} 32. Ng3 g6 33. Kf2 Bf5 34. Ne2 Kf7 35. Ke3 c6 36. Nc3 Ke6 37. Na4 (37. Kf4 $142 d5 38. Na4) 37... Ke5 38. Nc3 d5 {[%cal Bd6d5,Bd5d4,Bd4d3,Bd3d2][%mdl 32]} 39. Na4 d4+ 40. Kd2 {[#]} g5 $1 41. hxg5 h4 42. Ke2 d3+ 43. Kf2 d2 44. Nc3 Kf4 {[%mdl 32768] Accuracy: White = 15%, Black = 65%. . Sensor Board Error (Ke4/e5)?} 1-0

[Event "Bhopal GM Open 2018"]
[Site "Bhopal"]
[Date "2018.12.24"]
[Round "5"]
[White "Jinan Jomon"]
[Black "Hemanth Raam"]
[Result "0-1"]
[WhiteElo "1795"]
[BlackElo "2032"]
[Annotator "NA RC"]
[PlyCount "54"]
[EventDate "2018.12.21"]
[EventType "swiss"]
[EventCountry "IND"]
[SourceTitle "playchess.com"]
[Source "ChessBase"]
[SourceQuality "1"]
[TimeControl "5400+30"]

1. e4 {[%emt 0:00:00]} e5 {[%emt 0:01:41]} 2. Nf3 {[%emt 0:00:00]} Nc6 {[%emt 0:00:09]} 3. Nc3 {[%emt 0:00:25]} Nf6 {[%emt 0:00:22]} 4. d4 {[%emt 0:00:08]} exd4 {[%emt 0:01:05]} 5. Nxd4 {[%emt 0:00:18]} Bb4 {[%emt 0:02:35]} 6. Nxc6 {[%emt 0:00:09]} bxc6 {[%emt 0:00:43]} 7. Bd3 {[%emt 0:00:07]} Bxc3+ {[%emt 0:03:59]} 8. bxc3 {[%emt 0:00:18]} h6 {[%emt 0:02:58]} 9. e5 {[%emt 0:02:10]} Nd5 {[%emt 0:01:28]} 10. Qg4 {[%emt 0:00:32]} Kf8 11. Qg3 {[%emt 0:13:18]} Ne7 {[%emt 0:04:43]} (11... h5 $16 {was necessary.}) 12. Ba3 {[%emt 0:20:22]} Kg8 {[%emt 0:01:27]} 13. c4 {[%emt 0:32:44]} d6 $16 {[%emt 0:02:57]} 14. exd6 {[%emt 0:02:00]} Nf5 {[%emt 0:00:43]} 15. Bxf5 {[%emt 0:05:08]} Bxf5 {[%emt 0:00:06]} 16. dxc7 {[%emt 0:08:08]} Qe8+ {[%emt 0:00:29]} 17. Kf1 {[%emt 0:04:08]} Qe4 {[%emt 0:00:50]} 18. Kg1 {[%emt 0:01:44]} Qxc2 {[%emt 0:00:52]} 19. Rc1 {[%emt 0:04:51]} Qxa2 {[%emt 0:00:20]} 20. h4 {[%emt 0:00:37]} Kh7 {[%emt 0:00:18]} 21. Bd6 {[%emt 0:01:11]} Rhe8 {[%emt 0:02:50]} 22. Kh2 {[%emt 0:01:19]} Re2 {[%emt 0:02:27]} 23. Bc5 {[%emt 0:01:05]} Re4 {[%emt 0:00:38]} 24. f3 {[%emt 0:00:43]} Rxc4 {[%emt 0:00:54]} 25. Ra1 {[%emt 0:00:31]} Qb2 {[%emt 0:00:37]} 26. Bxa7 {[%emt 0:00:26]} Qf6 {[%emt 0:00:26]} 27. Bf2 {[%emt 0:00:35]} Rxa1 {[%emt 0:00:19]} 0-1

[Event "Bhopal GM Open 2018"]
[Site "Bhopal"]
[Date "2018.12.24"]
[Round "5"]
[White "Shreyash Shuvam Patnaik"]
[Black "Himanshu Ranjan"]
[Result "1/2-1/2"]
[WhiteElo "1691"]
[BlackElo "2060"]
[Annotator "NA RC"]
[PlyCount "84"]
[EventDate "2018.12.21"]
[EventType "swiss"]
[EventCountry "IND"]
[SourceTitle "playchess.com"]
[Source "ChessBase"]
[SourceQuality "1"]
[TimeControl "5400+30"]

1. e4 {[%emt 0:00:00]} e6 {[%emt 0:00:00]} 2. d4 {[%emt 0:00:00]} d5 {[%emt 0:00:00]} 3. Nd2 {[%emt 0:00:00]} Nf6 {[%emt 0:00:00]} 4. e5 {[%emt 0:00:50]} Nfd7 {[%emt 0:00:00]} 5. c3 {[%emt 0:00:13]} c5 {[%emt 0:00:00]} 6. Bd3 {[%emt 0:02:01]} Nc6 {[%emt 0:00:00]} 7. Ne2 {[%emt 0:00:26]} cxd4 {[%emt 0:00:00]} 8. cxd4 {[%emt 0:00:07]} f6 {[%emt 0:00:05]} 9. exf6 {[%emt 0:01:10]} Nxf6 {[%emt 0:00:02]} 10. Nf3 {[%emt 0:00:47]} Bd6 {[%emt 0:00:03]} 11. O-O {[%emt 0:00:19]} O-O {[%emt 0:00:04]} 12. a3 {[%emt 0:00:55]} e5 {[%emt 0:01:26]} 13. dxe5 {[%emt 0:00:07]} Nxe5 {[%emt 0:00:08]} 14. Nxe5 {[%emt 0:00:05]} Bxe5 {[%emt 0:00:04]} 15. h3 {[%emt 0:08:23]} Qb6 16. Nc3 {[%emt 0:04:22]} Be6 {[%emt 0:15:44] C06: French Tarrasch: 3...Nf6 4 e5 Nfd7 5 Bd3 main lines} (16... Bxc3 17. bxc3 Bd7 18. Rb1 Qc7 19. Qb3 Bc6 20. Be3 Kh8 21. Rfe1 b6 22. Bd4 Ne4 23. Qc2 Qf4 24. Re3 Qxf2+ 25. Qxf2 Nxf2 {1-0 (34) Marholev,D (2413)-Boj Marques,J (1836) Albacete 2009}) 17. Kh1 $146 {[%emt 0:04:57]} ({Predecessor:} 17. Na4 $11 Qc7 (17... Qd4 18. Be3 Qh4 19. f4 Bd6 20. Nc5 Bxh3 21. Bf2 Qxf4 22. g3 Qg5 23. Qc1 Qh5 24. Qd1 Bg4 25. Qc2 Bf3 26. Bd4 Qh1+ 27. Kf2 Qg2+ 28. Ke3 Ng4# {0-1 (26) Shmarina,D (1757)-Belova,A (1970) Rybinsk 2008}) 18. Be3) 17... Rac8 {[%emt 0:08:40]} 18. Rb1 {[%emt 0:04:43]} (18. Re1 $11 Bb8 19. Be3) 18... Bb8 {[%emt 0:05:46]} 19. Be3 {[%emt 0:02:49]} Qd6 {[%emt 0:00:33]} 20. f4 {[%emt 0:00:37]} Qd7 {[%emt 0:04:03]} 21. Bb5 {[%emt 0:02:57]} Qd8 {[%emt 0:01:05]} 22. Bd3 {[%emt 0:11:23]} Qd7 {[%emt 0:01:36]} 23. Bb5 {[%emt 0:01:13]} Qf7 {[%emt 0:00:10]} 24. Bd3 {[%emt 0:06:41]} Nh5 {[%emt 0:09:26]} 25. Qe1 {[%emt 0:02:04]} (25. Rf3 $11 {keeps the balance.}) 25... d4 {[%emt 0:07:48]} 26. Bxd4 {[%emt 0:01:06]} Bxf4 {[%emt 0:11:20]} (26... Rcd8 $5 {[%cal Rd8d4]} 27. Ne2 Bxh3 $15) 27. Ne2 {[%emt 0:02:40]} Bxh3 {[%emt 0:03:23]} (27... Qd7 $11 {remains equal.}) 28. Nxf4 {[%emt 0:04:24]} Nxf4 {[%emt 0:09:55]} 29. gxh3 {[%emt 0:00:07]} Qh5 {[%emt 0:00:43] [#]} 30. Qe3 $1 {[%emt 0:10:06]} Nxh3 {[%emt 0:05:15]} 31. Bc4+ {[%emt 0:00:47]} Kh8 {[%emt 0:01:18]} 32. Bxg7+ {[%emt 0:03:35]} Kxg7 {[%emt 0:00:03]} 33. Qc3+ {[%emt 0:00:07]} Kh6 {[%emt 0:03:13]} 34. Rf6+ {[%emt 0:00:09]} Rxf6 {[%emt 0:02:03]} 35. Qxf6+ {[%emt 0:00:03]} Qg6 {[%emt 0:00:12]} 36. Qh4+ {[%emt 0:00:14]} Kg7 {[%emt 0:00:12]} 37. Qd4+ {[%emt 0:00:15]} Kh6 {[%emt 0:03:16]} 38. Rf1 {[%emt 0:03:44]} Rc6 $1 {[%emt 0:00:37]} 39. Bd3 $11 {[%emt 0:11:39]} Qg3 {[%emt 0:02:50]} 40. Rf6+ {[%emt 0:00:24]} Kg5 {[%emt 0:00:53]} 41. Rf5+ {[%emt 0:00:21]} Kh6 {[%emt 0:00:17]} 42. Rf6+ {[%emt 0:00:16]} Kg5 {[%emt 0:00:04]} 1/2-1/2

[Event "Bhopal GM Open 2018"]
[Site "Bhopal"]
[Date "2018.12.24"]
[Round "6"]
[White "Aleksandrov, Aleksej"]
[Black "Vaibhav Jayant Raut"]
[Result "0-1"]
[WhiteElo "2590"]
[BlackElo "2005"]
[Annotator "TA"]
[PlyCount "139"]
[EventDate "2018.12.21"]
[EventType "swiss"]
[EventCountry "IND"]
[SourceTitle "playchess.com"]
[Source "ChessBase"]
[SourceQuality "1"]

{[%evp 22,139,41,52,64,54,61,56,52,24,33,21,25,16,19,28,39,30,35,23,9,19,62,71,83,73,90,80,87,85,100,0,77,87,87,85,102,109,110,110,139,105,123,104,158,141,156,100,113,0,137,106,147,140,139,0,124,133,142,135,122,135,141,142,128,127,141,131,95,35,62,0,0,0,95,56,141,119,129,116,128,80,129,110,122,22,38,39,56,16,13,8,32,0,11,15,10,0,0,0,0,0,28,0,36,0,0,-591,-591,-528,-528,-437,-437,-598,-598,-1078,-1065,-1059,-1054,-951]} 1. d4 Nf6 2. c4 e6 3. Nc3 Bb4 4. e3 b6 5. Bd3 Bb7 6. Nf3 O-O 7. Bd2 d6 8. Qc2 Nbd7 9. a3 Bxc3 10. Bxc3 Qe7 11. O-O {E21: Nimzo-Indian: 4 Nf3} e5 12. Nd2 {LiveBook: 3 Games} a5 $146 ({Predecessor:} 12... Rfe8 13. b4 e4 14. Be2 Nf8 15. d5 N8d7 16. Nb3 Ne5 17. Nd4 g6 18. a4 Qf8 {0-1 (30) Ben Artzi,I (2397)-Babula,V (2559) Pardubice 2015}) 13. b4 {White is slightly better.} axb4 14. axb4 exd4 15. Bxd4 c5 16. bxc5 bxc5 17. Bc3 Bc6 18. Rfe1 Rfe8 19. Rxa8 Rxa8 20. f3 Ne5 21. Be2 Ng6 22. Nf1 Nd7 23. Qd2 Nde5 24. Rd1 Ba4 25. Ra1 Bc6 26. Rd1 Ba4 $1 {[%cal Ra4d1]} 27. Rb1 {[%cal Bd1b1,Bb1b6,Bb6a6][%mdl 32]} Bc6 28. e4 Qe6 29. Rb6 {aiming for f4.} Rc8 30. Ne3 Nf4 31. Bf1 $1 {Strongly threatening Nf5.} g6 32. Kh1 Nd7 (32... Qe7 $142 33. Nd5 Bxd5 34. cxd5 Nh5) 33. Ra6 {Nd5 is the strong threat.} Ne5 34. Qb2 (34. Nd5 $142 Nh5 35. g4) 34... Nfd3 $16 35. Qd2 Nf4 $1 36. Qa2 Bb7 37. Ra7 Bc6 38. Ra6 Bb7 $1 39. Rb6 Bc6 40. Nd5 Bxd5 41. cxd5 Qe7 42. Qa6 Rd8 43. Rb7 Qg5 44. Bd2 Qf6 45. Qa5 (45. Ba5 $16) 45... Rf8 46. Bc3 (46. Qa3 $14) 46... Qg5 $11 47. Qa2 Nh5 (47... Nfd3 $11 {remains equal.} 48. Qc2 Qe3 49. Bxd3 Nxd3) 48. Qd2 Qh4 (48... Qxd2 $14 49. Bxd2 f5) 49. Kg1 $36 {[%mdl 2048] White has strong initiative.} Ra8 50. Qh6 Qf6 {Hoping for ...Nxf3+!} 51. Bd2 c4 {[#]} 52. Qe3 $1 Rc8 53. Bc3 ({White should try} 53. Rb1 $16) 53... Nf4 {[%cal Bh5f4,Bf4d3,Bd3c1][%mdl 32]} 54. g3 Nfd3 55. Be2 g5 56. Kg2 h6 57. Qd4 Ra8 {White must now prevent ...Ra2.} 58. Ra7 Rb8 59. h3 Nc1 60. Bd1 Ncd3 61. Ra1 Kh7 62. Be2 (62. Qxc4 $5 Qxf3+ 63. Bxf3 Nxc4 64. Be2 $14) 62... Rg8 63. Rf1 (63. Ra4 $5 {[%cal Ra4c4]}) 63... Nf4+ 64. gxf4 $4 {[%mdl 8192]} (64. Kf2 $1 $11 {and White stays safe.} Nxh3+ 65. Ke1) 64... gxf4+ $19 {Black is clearly winning.} 65. Kh2 {[#]} Rg3 $1 {( -> ...Qh4)} 66. Rg1 Rxf3 {And now ...Qh4! would win.} 67. Be1 {[#]} Ng4+ $1 {[%mdl 576] Discovered Attack} 68. Rxg4 Qxd4 69. Bxf3 Qe3 $1 {[%csl LRe1,LRf3][%mdl 64] Double Attack} 70. Bb4 {Accuracy: White = 45%, Black = 59%.} 0-1